Moments : (Record no. 80497)
[ view plain ]
| 000 -LEADER | |
|---|---|
| fixed length control field | 00511cam7a220018100 4500 |
| 001 - CONTROL NUMBER | |
| control field | tmp15345985 |
| 003 - CONTROL NUMBER IDENTIFIER | |
| control field | UPRA |
| 005 - DATE AND TIME OF LATEST TRANSACTION | |
| control field | 20190816085510.0 |
| 008 - FIXED-LENGTH DATA ELEMENTS--GENERAL INFORMATION | |
| fixed length control field | 950801s1973 fr fre u |
| 035 ## - SYSTEM CONTROL NUMBER | |
| System control number | (Sirsi) r124171 |
| 035 ## - SYSTEM CONTROL NUMBER | |
| System control number | (UPRA)tmp15345985 |
| 040 ## - CATALOGING SOURCE | |
| Transcribing agency | UPRA |
| 100 1# - MAIN ENTRY--PERSONAL NAME | |
| Personal name | Michaux, Henri, 1899- |
| Dates associated with a name | Michaux, Henri, 1899- |
| Linkage | A15446.1 |
| 245 10 - TITLE STATEMENT | |
| Title | Moments : |
| Remainder of title | traversees du temps. |
| 260 ## - PUBLICATION, DISTRIBUTION, ETC. | |
| Place of publication, distribution, etc. | [Paris] : |
| Name of publisher, distributor, etc. | Gallimard, |
| Date of publication, distribution, etc. | 1973. |
| 949 ## - LOCAL PROCESSING INFORMATION (OCLC) | |
| a | PQ2625.I25 |
| w | lcc |
| i | -178400 |
| m | MAIN |
| t | BOOK |
| l | ON-SHELF |
No items available.